00612nam a22001937a 450000500170000001000150001702000270003203500140005903700130007308200160008610000200010224500990012226000810022127000340030230000210033670000220035770000190037970000200039820240312125714.0 aENG-139550 c6475.00a9788181715654 aEN-123082 bDBAD/PUB a577.6809541 aChandra,Kailash afaunal Diversity of Biogeographic Zones of India : /cBy Kailash Chandra ...[et.al]hEnglish  akolkatab Division by the Director, Zoological Survey of india,cMarch, 2021 aM-Block, New Alipore, Kolkata a720p.c30cm(hbk) aKosygin, Laishram aRaghunathan, C aGupta, Devanshu